000 00398nam a2200157Ia 4500
008 210716s1988 xx 000 0 und d
020 _a0673397173
041 _aeng
082 _a330 EKER
100 _aEkelund, Robert B; Tollison, Robert D.
245 _aEconomics.
250 _a2
260 _aLondon
_bScott Foresman and Company
_c1988
300 _axl,942,I-12
650 _aEconomics(330)
999 _c206085
_d206085